Konflikty v práci jak se vypořádat s konfliktními situacemi a lidmi
Enregistré dans:
| Auteur principal: | |
|---|---|
| Autres auteurs: | |
| Format: | Livre |
| Langue: | tchèque |
| Publié: |
Praha
Grada Publishing
2003
|
| Collection: | Poradce pro praxi
|
| Sujets: | |
| Tags: |
Pas de tags, Soyez le premier à ajouter un tag!
|
MARC
| LEADER | 00000nam$a2200000$$$4500 | ||
|---|---|---|---|
| 001 | 0002348 | ||
| 005 | 20240313133118.4 | ||
| 020 | |a 80-247-0533-8 | ||
| 041 | 0 | |a cze | |
| 044 | |a CZ | ||
| 245 | 1 | 0 | |a Konflikty v práci |b jak se vypořádat s konfliktními situacemi a lidmi |c Eberhard G. Fehlau |
| 264 | 1 | |a Praha |b Grada Publishing |c 2003 | |
| 300 | |a 108 s. | ||
| 490 | 1 | |a Poradce pro praxi | |
| 830 | 0 | |a Poradce pro praxi | |
| 610 | 2 | 0 | |a konflikty |
| 610 | 2 | 0 | |a vzťahy medziľudské |
| 610 | 2 | 0 | |a vzťahy pracovné |
| 610 | 2 | 0 | |a komunikácia |
| 610 | 2 | 0 | |a komunikácia manažérska |
| 610 | 2 | 0 | |a mobbing |
| 610 | 2 | 0 | |a psychológia |
| 610 | 2 | 0 | |a psychológia riadenia |
| 100 | 1 | |a Fehlau, Eberhard G. | |
| 700 | 1 | |a Kunst, Petr | |